[Event "RUDAR 1 IM 2022"]
[Site "Pozarevac"]
[Date "2022.03.28"]
[Round "4.5"]
[White "Bura, Goran"]
[Black "Trifunovic, Miroljub"]
[Result "1/2-1/2"]
[WhiteElo "2185"]
[BlackElo "2144"]
[Annotator "NA"]
[PlyCount "100"]
[EventDate "2022.03.27"]
[EventType "tourn"]
[EventCountry "SRB"]
[SourceTitle "playchess.com"]
[Source "ChessBase"]
[SourceQuality "1"]
[TimeControl "40/5400+30:900+30"]

1. d4 {[%emt 0:00:02]} Nf6 {[%emt 0:00:56]} 2. c4 {[%emt 0:00:18]} e6 {[%emt 0:00:42]} 3. Nf3 {[%emt 0:00:28]} d5 {[%emt 0:01:44]} 4. g3 {[%emt 0:00:30]} Be7 {[%emt 0:01:11]} 5. Bg2 {[%emt 0:00:06]} O-O {[%emt 0:00:33]} 6. O-O {[%emt 0:00:18]} c6 {[%emt 0:05:22]} 7. Nbd2 {[%emt 0:00:17]} Na6 {[%emt 0:11:03]} 8. Ne5 {[%emt 0:08:37]} c5 {[%emt 0:10:02]} 9. Ndf3 {[%emt 0:01:19]} cxd4 {[%emt 0:19:20]} 10. Nxd4 {[%emt 0:07:57]} Nc5 {[%emt 0:10:47]} 11. Be3 {[%emt 0:07:31]} Ncd7 {[%emt 0:08:09]} 12. Ndf3 {[%emt 0:05:29]} Nxe5 {[%emt 0:05:07]} 13. Nxe5 {[%emt 0:00:04]} Qc7 {[%emt 0:09:21]} 14. Qd4 {[%emt 0:08:09]} Rd8 {[%emt 0:05:19]} 15. cxd5 {[%emt 0:01:49]} Nxd5 {[%emt 0:00:52]} 16. Rac1 {[%emt 0:07:09]} Qd6 {[%emt 0:01:17]} 17. Nc4 {[%emt 0:01:01]} Qa6 {[%emt 0:00:43]} 18. Rfd1 {[%emt 0:02:45]} b5 {[%emt 0:00:21]} 19. Ne5 {[%emt 0:02:44]} Bb7 {[%emt 0:00:38]} 20. Bd2 {[%emt 0:17:12]} Nf6 {[%emt 0:02:16]} 21. Bxb7 {[%emt 0:02:15]} Qxb7 {[%emt 0:00:13]} 22. Qf4 {[%emt 0:00:58]} Bd6 {[%emt 0:00:48]} 23. Ba5 {[%emt 0:00:20]} Bxe5 {[%emt 0:02:20]} 24. Qxe5 {[%emt 0:02:10]} Rxd1+ {[%emt 0:01:05]} 25. Rxd1 {[%emt 0:00:01]} h6 {[%emt 0:00:09]} 26. Rc1 {[%emt 0:01:30]} a6 {[%emt 0:01:24]} 27. Rc7 {[%emt 0:00:39]} Qd5 {[%emt 0:00:07]} 28. Qxd5 {[%emt 0:01:28]} Nxd5 {[%emt 0:02:41]} 29. Rc6 {[%emt 0:00:13]} Ne7 {[%emt 0:00:00]} 30. Rd6 {[%emt 0:00:41]} Kf8 {[%emt 0:00:00]} 31. e4 {[%emt 0:00:52]} Ke8 {[%emt 0:00:00]} 32. Kg2 {[%emt 0:00:49]} e5 {[%emt 0:00:37]} 33. h4 {[%emt 0:00:12]} f6 {[%emt 0:00:19]} 34. h5 {[%emt 0:00:35]} Kf7 {[%emt 0:00:36]} 35. f4 {[%emt 0:01:36]} exf4 {[%emt 0:00:15]} 36. gxf4 {[%emt 0:00:03]} Rc8 {[%emt 0:00:25]} 37. e5 {[%emt 0:05:35]} fxe5 {[%emt 0:00:21]} 38. fxe5 {[%emt 0:00:30]} Rc6 {[%emt 0:00:38]} 39. Kf3 {[%emt 0:04:58]} Rxd6 {[%emt 0:01:13]} 40. exd6 {[%emt 0:00:00]} Nc6 {[%emt 0:00:00]} 41. Bc3 {[%emt 0:02:03]} b4 {[%emt 0:00:53]} 42. Be1 {[%emt 0:00:36]} Ke6 {[%emt 0:00:23]} 43. Bg3 {[%emt 0:00:12]} Nd4+ {[%emt 0:00:45]} 44. Kg4 {[%emt 0:00:48]} Nc6 {[%emt 0:06:18]} 45. b3 {[%emt 0:02:58]} a5 {[%emt 0:00:30]} 46. Bf4 {[%emt 0:08:06]} Nd4 {[%emt 0:03:45]} 47. Be3 {[%emt 0:01:32]} Nc6 {[%emt 0:01:02]} 48. Bf4 {[%emt 0:00:19]} Kf6 {[%emt 0:02:27]} 49. Bg3 {[%emt 0:01:11]} Ke6 {[%emt 0:00:24]} 50. Bf4 {[%emt 0:00:05]} Nd8 {[%emt 0:05:09]} 1/2-1/2

[Event "RUDAR 1 IM 2022"]
[Site "Pozarevac"]
[Date "2022.03.29"]
[Round "5.1"]
[White "Acor, Corey"]
[Black "Spasic, Petar"]
[Result "1-0"]
[WhiteElo "2326"]
[BlackElo "2334"]
[Annotator "TA"]
[PlyCount "75"]
[EventDate "2022.03.27"]
[EventType "tourn"]
[EventCountry "SRB"]
[SourceTitle "playchess.com"]
[Source "ChessBase"]
[SourceQuality "1"]

{[%evp 14,75,7,-8,0,5,36,14,36,22,28,21,90,79,82,68,117,115,113,109,103,91,117,102,122,120,122,107,142,128,198,193,303,287,297,269,279,297,422,422,415,415,450,450,582,582,29970,29971,5621,4718,29980,921,29981,29982,29962,29962,29987,777,29988,29989,29989,29990,29995,29996]} 1. e4 c5 2. Nc3 Nc6 3. g3 g6 4. Bg2 Bg7 5. d3 d6 6. Be3 Rb8 7. Nge2 Nd4 {7...Nd4 scores better than 7...b5.} 8. O-O b5 {B26: Closed Sicilian: 3 g3, lines with early Be3.} 9. b4 a5 10. a3 e6 {The position is equal.} 11. Rb1 {[#]} Bd7 $146 {[%cal Bc8d7,Bd7c6,Bc6d5][%mdl 32]} ({Predecessor:} 11... axb4 12. axb4 Bd7 13. bxc5 dxc5 14. e5 Bxe5 15. Ne4 Qe7 16. c3 Nxe2+ 17. Qxe2 Rc8 18. Bxc5 Rxc5 19. Nxc5 Bxc3 20. Nxd7 Qxd7 {1-0 (25) Ejsing,E-Buch,C Denmark 1990}) 12. f4 {Hoping for bxc5.} Ne7 (12... cxb4 $11 {keeps the balance.} 13. axb4 (13. Bxd4 Bxd4+ 14. Nxd4 bxc3 $15) (13. Nxd4 bxc3 14. Qe2 Qc7 $11) 13... Nxe2+ 14. Nxe2 axb4) 13. bxc5 $16 dxc5 14. e5 Nef5 (14... Qc7 $14 {was preferrable.}) 15. Bf2 $1 O-O {[#]} 16. Ne4 $1 Bc6 17. c3 Nxe2+ 18. Qxe2 c4 19. dxc4 bxc4 20. Qxc4 Bd5 21. Qa4 {White is much more active.} Rc8 (21... Rxb1 $16 22. Rxb1 Qc7) 22. Bb6 $18 Qe8 {[#]} (22... Qe7 $142 23. Qxa5 Qd7) 23. Qxe8 $1 ({Not} 23. Qxa5 Qc6 $16) 23... Rcxe8 24. Bc5 ({But not} 24. Bxa5 $6 Ne3 $18) 24... Bxe4 25. Bxe4 Rc8 (25... a4 $142 26. Rb4 Rc8) 26. Bxf8 Bxf8 27. Bxf5 gxf5 {[%mdl 4096] Endgame KRR-KRB} 28. a4 Rxc3 29. Rfc1 Ra3 30. Rc8 Kg7 31. Rbb8 Bb4 32. Rg8+ Kh6 33. Rb7 Bc5+ 34. Kf1 Kh5 35. Rg5+ Kh6 36. Rxf7 {[%cal Rf7f6] White mates.} Be7 37. Rg8 ({Worse is} 37. Rxe7 Rf3+ 38. Kg2 Rf2+ 39. Kh3 Rxh2+ 40. Kxh2 $11) 37... Ra2 38. Rxe7 {Black got outplayed after the opening.  Weighted Error Value: White=0.02 (flawless) /Black=0.83} 1-0

[Event "RUDAR 1 IM 2022"]
[Site "Pozarevac"]
[Date "2022.03.29"]
[Round "5.2"]
[White "Anishka Vikram"]
[Black "Bryakin, Mikhail"]
[Result "0-1"]
[WhiteElo "2000"]
[BlackElo "2481"]
[Annotator "TA"]
[PlyCount "132"]
[EventDate "2022.03.27"]
[EventType "tourn"]
[EventCountry "SRB"]
[SourceTitle "playchess.com"]
[Source "ChessBase"]
[SourceQuality "1"]

{[%evp 13,132,-27,-43,-40,0,0,0,0,-2,-9,0,0,0,-54,-63,-89,-70,-66,-7,-10,-15,-9,-25,-14,-14,-20,-16,-13,-14,-17,-25,-18,-21,-22,-24,-70,-10,-30,0,-16,0,0,0,0,0,0,0,0,0,-111,-134,-145,-135,-116,-33,-33,-33,-34,-34,-101,-101,-106,-81,-75,-60,-60,-75,-83,-75,-12826,-12826,-12827,-12827,-12827,-12828,-12829,-12829,-12830,-12830,-12830,-12830,-5289,-1441,-12844,-12844,-12845,-12845,-12845,-12846,-12846,-12842,-12845,-12845,-12845,-12846,-12846,-12844,-12847,-12847,-12848,-12848,-12850,-12850,-12850,-27999,-27999,-27999,-27999,-27999,-27999,-27999,-27999,-27999,-27997,-27997,-27998,-27998,-27999,-27998,-27999,-27999]} 1. d4 e6 2. c4 b6 3. Nc3 Bb7 4. e4 Bb4 5. Bd3 f5 6. d5 fxe4 7. Bxe4 Qh4 8. Qd3 {A40: Unusual replies to 1 d4.} exd5 9. Bxd5 Bxd5 10. cxd5 {Black must now prevent Nf3. The position is equal.} Nf6 {[#]} 11. Qe2+ $146 ({Predecessor:} 11. Nge2 O-O 12. O-O Ng4 13. Qg3 Qxg3 14. hxg3 Na6 15. Bf4 Rae8 16. Nd4 Nf6 17. Ndb5 {½-½ (24) Bai,J (2262)-Czebe,A (2475) Mumbai 2012}) 11... Qe4 12. Bd2 Bxc3 13. Qxe4+ (13. Bxc3 $11 O-O 14. Qxe4 (14. Bxf6 Qxg2 15. Bxg7 Kxg7 $11) 14... Nxe4 15. Nf3) 13... Nxe4 $15 14. bxc3 Na6 15. f3 Nf6 {Black is more active.} (15... Nd6 $15) 16. c4 $1 $11 c6 17. dxc6 dxc6 18. Ne2 O-O-O $36 {[%mdl 2048] Black has good play.} 19. Bc3 Nc5 20. O-O $1 Rhe8 21. Ng3 Rd3 22. Rac1 Ree3 23. Bxf6 gxf6 24. Ne4 (24. Rfd1 $11 {was preferrable.}) 24... Nd7 (24... Re2 $15 25. Rfe1 Rxa2 26. Nxc5 bxc5) 25. Rfd1 Kc7 26. Kf2 a5 27. Rxd3 Rxd3 28. Rc3 Rxc3 29. Nxc3 {[%mdl 4096] Endgame KN-KN} Ne5 30. Ne4 f5 ({Much less strong is} 30... Nxc4 31. Nxf6 h6 32. f4 $14) 31. Nd2 {[#]} (31. Nf6 $1 $11 {remains equal.}) 31... Kd6 $1 $17 {And now ...Kc5 would win.} 32. f4 Ng4+ 33. Ke2 {[#]} Nxh2 (33... Kc5 $1 $17 34. Kd3 a4) 34. Nb3 $1 $15 c5 35. Nd2 Ng4 36. Nf3 (36. a4 $15) 36... a4 $17 37. Ng5 h6 38. Nf3 Nf6 39. Nh4 Ke6 40. Ke3 Ne4 {Threatens to win with ...Nc3.} 41. Nxf5 $2 {[%mdl 8192] White does not recover from this.} Kxf5 $19 42. g4+ Kxg4 43. Kxe4 {KP-KP} h5 44. f5 h4 45. f6 h3 {( -> ...h2)} 46. f7 h2 47. f8=Q h1=Q+ {KQ-KQ} 48. Ke3 Qc1+ 49. Kd3 Qd1+ 50. Ke3 Qd4+ 51. Ke2 Qe4+ 52. Kd2 Qf4+ 53. Qxf4+ Kxf4 {K3P-KPP} 54. Kd3 Kf3 55. Kd2 Ke4 56. Kc3 Ke3 57. Kb2 Kd3 58. Ka3 Kxc4 59. Kxa4 {KPP-KP. Black mates.} Kd3 60. Kb5 c4 61. Kxb6 {KP-KP} c3 62. a4 c2 63. a5 c1=Q 64. Kb7 Qb2+ 65. Ka7 Qb5 66. a6 Kc4 {Weighted Error Value: White=0.34/Black=0.11 (very precise)} 0-1

[Event "RUDAR 1 IM 2022"]
[Site "Pozarevac"]
[Date "2022.03.29"]
[Round "5.3"]
[White "Trifunovic, Miroljub"]
[Black "Milanovic, Slavisa"]
[Result "0-1"]
[WhiteElo "2144"]
[BlackElo "2296"]
[Annotator "TA"]
[PlyCount "51"]
[EventDate "2022.03.27"]
[EventType "tourn"]
[EventCountry "SRB"]
[SourceTitle "playchess.com"]
[Source "ChessBase"]
[SourceQuality "1"]

{[%evp 9,51,2,0,0,0,-7,-7,-6,14,-24,-31,-34,-26,-33,-33,-58,-54,-63,-81,-118,-108,-189,-192,-265,-247,-254,-251,-259,-262,-252,-257,-535,-547,-799,-816,-781,-757,-1101,-1097,-1060,-1088,-1010,-1070,-1308]} 1. Nf3 c5 2. b3 Nf6 3. Bb2 d5 4. e3 Nc6 5. d4 cxd4 6. exd4 {D04: Colle System.} g6 7. Ne5 Bg7 8. Bb5 {The position is equal.} Qb6 {[#]} 9. a4 $146 ({Predecessor:} 9. Bxc6+ bxc6 10. O-O O-O 11. Nc3 Nd7 12. Na4 Qc7 13. Re1 Re8 14. Qd2 Nf8 15. Qf4 {0-1 (45) Andador,R (2279)-Gomez,J (2524) Bangkok 2014}) 9... O-O 10. O-O Rd8 11. Bxc6 bxc6 12. a5 Qc7 13. Nd2 c5 14. Ndf3 cxd4 15. Bxd4 (15. Qxd4 $17 {was worth a try.} Ng4 16. Qc3 Qxc3 17. Bxc3) 15... Ne4 $19 16. h3 (16. Nd3 $142) 16... f6 17. Nd3 e5 18. Bb2 Ba6 19. Re1 Rac8 {[%cal Ba8c8,Bc8c2,Bc2b2][%mdl 32]} 20. Nb4 {[#]} (20. Rc1 {was necessary.}) 20... Qc5 $1 {[%csl LRb4,LRf2] Black is clearly winning.} 21. Nxa6 (21. Nd4 Qxb4) 21... Qxf2+ 22. Kh1 Rxc2 {[%csl Gc2][%cal Rf2g2]} 23. Nh4 Rxb2 24. Rxe4 Rd2 25. Qe1 dxe4 26. Qxe4 {Weighted Error Value: White=0.71/Black=0.02 (flawless)} 0-1

[Event "RUDAR 1 IM 2022"]
[Site "Pozarevac"]
[Date "2022.03.29"]
[Round "5.4"]
[White "Savitha Shri B"]
[Black "Andreev, Konstantin"]
[Result "1-0"]
[WhiteElo "2257"]
[BlackElo "2238"]
[Annotator "TA"]
[PlyCount "131"]
[EventDate "2022.03.27"]
[EventType "tourn"]
[EventCountry "SRB"]
[SourceTitle "playchess.com"]
[Source "ChessBase"]
[SourceQuality "1"]

{[%evp 9,131,7,51,42,47,41,53,51,74,47,51,35,37,32,24,27,30,-3,4,4,42,49,41,39,42,0,0,0,-12,-19,-10,-19,-16,-29,-27,-56,0,2,10,12,34,4,24,0,0,-15,0,-31,0,-27,-16,-49,-20,-120,-18,-22,0,0,49,45,41,0,0,0,0,0,100,5,127,96,139,135,122,92,71,81,273,277,270,261,360,362,393,399,378,389,394,381,385,287,390,297,337,354,2582,4134,2208,1223,5081,1077,6536,5806,4668,2683,8162,7992,9616,9537,8177,9054,7634,6828,3278,0,6236,6095,6039,5806,5106,3876,29961,9460,12841,5310]} 1. e4 c5 2. Nf3 Nc6 3. Bb5 e6 4. O-O Nge7 5. Re1 b6 (5... a6 $11 6. Bxc6 Nxc6) 6. c3 $14 {B30: Sicilian: 2...Nc6 3 Bb5, lines without ...g6.} a6 7. Ba4 {[%cal Bb5a4,Ba4c2,Bc2d3,Bd3f1][%mdl 32]} b5 8. Bc2 {[#] White is slightly better.} c4 $146 ({Predecessor:} 8... Bb7 9. d4 cxd4 10. cxd4 Ng6 11. Nc3 Na5 12. g3 Rc8 13. h4 Bd6 14. h5 Ne7 {1-0 (30) Nemchenko,V (2470)-Babic,D (2408) ICCF email 2014}) 9. d4 (9. a4 $5 {[%cal Ra4b5]}) 9... cxd3 $1 10. Bxd3 Ng6 11. a4 b4 12. Nbd2 Nge5 13. Bf1 bxc3 14. bxc3 Be7 (14... Qc7 {keeps more tension.} 15. Rb1 Bc5 16. Nb3 Rb8 17. Nfd2 Be7) 15. Nxe5 Nxe5 16. f4 Ng6 17. Nf3 (17. Nc4 $14 Qc7 18. g3) 17... O-O $11 18. Be3 Bb7 19. Bd3 Qc7 {[%csl LRc3,LRf4]} 20. Qd2 Bc5 {Black wants to play ...Nxf4.} 21. Nd4 e5 {[%cal Rg6f4]} 22. fxe5 Qxe5 (22... Nxe5 $15 23. Bf4 d6) 23. Nf5 Bxe3+ 24. Rxe3 Rac8 25. Bc2 Bc6 26. Rf1 Rb8 27. Nd6 f6 28. Bd1 Qc5 29. Kh1 Ne5 30. Rg3 Kh8 31. Nf5 {[#]} (31. Qd4 $11 {keeps the balance.} Qb6 32. Re3) 31... Bxe4 ({Black should try} 31... g6 $1 $17 {[%cal Rg6f5]} 32. Qd4 (32. Qh6 Rf7 $17) 32... Qxd4 33. Nxd4 Bxe4) 32. Nxg7 {[#]} Nd3 $1 {aiming for ...Rb2.} 33. Nh5 $1 (33. Rxd3 Bxd3 34. Qxd3 Kxg7 $17) (33. Bc2 Rb2 34. Rxd3 Rg8 $17) 33... Rb1 (33... Rb2 $1 $11 34. Qh6 Rf7 35. Nxf6 Rxg2 36. Nxe4 Rxg3 37. Nxg3 Qd5+ 38. Kg1 Qc5+ 39. Kh1 Qd5+ 40. Kg1 Qc5+ 41. Kh1) 34. Rxd3 {Dancing on a razor blade.} Qxh5 35. Rg3 $40 {[%mdl 128] White attacks.} ({Much weaker is} 35. Re1 Qf5 36. Rg3 (36. Rxd7 Rg8 $17) 36... Re8 $11) (35. Rxd7 $14 Qe5 36. Rd8 (36. Qh6 Rg8 $15) 36... Rxd8 37. Qxd8+ Kg7 38. Qd7+ Kg6 39. Qg4+ Kh6 40. Qh3+ Kg7 41. Qd7+ Kh6 42. Qh3+ Kg7 43. Qg4+ Kh6 44. Qh4+ Kg7 45. Qg4+ Kh6) 35... Qd5 36. Qh6 {[%csl Gg3,LRf6,LRf8][%cal Rh6g7]} Qf7 {Prevents Qg7+.} (36... Rf7 $5 37. Be2 Rxf1+ 38. Bxf1 a5 $11) 37. Be2 Rfb8 (37... Rxf1+ $11 38. Bxf1 a5) 38. Qf4 (38. Bxa6 $16 {next Kg1 is good for White.} Bc6 39. h3) 38... Bg6 (38... Qe6 $1 $11 {remains equal.}) 39. h4 {[%cal Bh2h4,Bh4h5][%mdl 32]} Qe6 ({Better is} 39... Rxf1+ 40. Bxf1 Re8) 40. Re3 $16 Qf5 {( -> ...Qxf4)} 41. Kh2 ({Don't take} 41. Qxf5 Bxf5 42. Bxa6 Rxf1+ 43. Bxf1 Rb1 $14) 41... Qxf4+ 42. Rxf4 R8b6 {[#]} (42... Re1 $16) 43. h5 $1 $18 Bf7 44. Re7 {[%csl LRd7,LRf7]} Kg8 45. Rxd7 Re1 {[#]} 46. a5 $1 Re6 47. Bf3 ({Not} 47. Bc4 Re7 48. Rxe7 Rxe7 49. Bxa6 Bxh5 50. Bc4+ Kg7 $18) 47... Kf8 48. Rb4 Re7 49. Rd6 R1e6 50. Rbb6 {And now Rxe6 would win.} Rxd6 51. Rxd6 Re6 $2 (51... Bc4 52. Rxf6+ Ke8) 52. Rxe6 Bxe6 {[%mdl 4096] Endgame KB-KB} 53. Be2 Bc8 54. Kg3 h6 55. Kf4 Ke7 56. Ke4 {Threatens to win with Kd4.} Kd6 57. Kd4 Bb7 58. g3 Bc8 59. c4 {[%cal Bc3c4,Bc4c5,Bc5c6][%mdl 32]} Bb7 60. Bg4 Kc7 61. Be2 (61. c5 $142 Bc6 62. Be2) 61... Kd6 $1 62. c5+ Kc7 63. Bc4 Bc8 64. Kd5 Kd7 65. c6+ Kc7 66. Be2 {Weighted Error Value: White=0.26 (precise) /Black=0.46} (66. Kc5 $142 f5 67. Bd3) 1-0

[Event "RUDAR 1 IM 2022"]
[Site "Pozarevac"]
[Date "2022.03.29"]
[Round "5.5"]
[White "Dudukovic, Nikola"]
[Black "Bura, Goran"]
[Result "1-0"]
[WhiteElo "2362"]
[BlackElo "2185"]
[Annotator "TA"]
[PlyCount "75"]
[EventDate "2022.03.27"]
[EventType "tourn"]
[EventCountry "SRB"]
[SourceTitle "playchess.com"]
[Source "ChessBase"]
[SourceQuality "1"]

{[%evp 12,75,32,6,7,0,0,0,55,-8,0,-7,27,10,7,-16,5,20,35,12,20,18,26,20,47,24,62,59,61,58,84,0,0,0,62,65,56,36,63,41,60,62,85,90,630,504,29993,29988,29994,29972,29970,29973,29971,29974,29975,29976,29976,29977,29977,29978,6115,2850,29988,29989,29992,29993]} 1. Nf3 c5 2. c4 Nc6 3. Nc3 g6 4. g3 Bg7 5. Bg2 b6 6. O-O Bb7 7. d3 d6 {A37: Symmetrical English vs ...g6: 4 Bg2 Bg7 5 Nf3.} 8. e4 e6 9. Be3 Nd4 (9... Nf6 $11) 10. Rb1 {[#]} ({White should try} 10. Qa4+ $14 Ke7 11. Rac1) 10... Qd7 $146 ({Predecessor:} 10... Ne7 11. Ne2 Nxe2+ 12. Qxe2 O-O 13. Rbd1 Qc7 14. Qc2 Rac8 15. b3 e5 16. Nd2 Nc6 {1-0 (53) Konopka,M (2442)-Rotstein,A (2441) Arco 2000}) 11. Qd2 h6 12. b4 (12. Bxd4 $5 cxd4 13. Nb5 $11) 12... Ne7 {[%cal Oe7f5]} 13. a4 Nec6 14. b5 Na5 15. Bxd4 cxd4 16. Na2 O-O 17. Nb4 Rac8 18. Qe2 Kh7 19. Nd2 Rce8 {[%cal Od6d5]} 20. f4 f5 21. Nb3 (21. exf5 $16 gxf5 22. Nb3) 21... fxe4 22. dxe4 ({Of course not} 22. Bxe4 d5 23. Bf3 Nxb3 24. Rxb3 e5 25. Nxd5 exf4 $17) 22... Qc7 (22... Nxb3 $11 23. Rxb3 Qc7) 23. Nxa5 $14 bxa5 24. Nd3 Qxc4 25. Rfc1 $1 Qxa4 {aiming for ...Rc8.} 26. Rc7 Rb8 {[#]} 27. f5 $1 {Hoping for Nf4. White is more active.} gxf5 $2 {[%mdl 8192] Black cannot hold the game after this.} (27... e5 $16) 28. exf5 $18 {White wants to mate with Qg4.} Bxg2 (28... Rfc8 $18) 29. Qxe6 Kh8 {[#]} 30. Rxg7 $1 {[%mdl 512]} Kxg7 {[#]} 31. Nf4 $1 Rb7 32. Nh5+ ({Not} 32. Qxd6 Qc2 33. Nh5+ (33. Ne6+ Kh7 $11) 33... Kg8 34. Qg6+ Kh8 35. Qxh6+ Kg8 36. Qg6+ Kh8 37. Qh6+ Kg8 38. Qg6+ Kh8 39. Qh6+ $11) 32... Kh8 33. Qxh6+ Kg8 34. Qg6+ Kh8 35. Nf6 Rxf6 36. Qxf6+ Kg8 37. Rc1 Rb8 38. Qg6+ {Weighted Error Value: White=0.12 (very precise) /Black=0.60} 1-0

[Event "RUDAR 1 IM 2022"]
[Site "Pozarevac"]
[Date "2022.03.29"]
[Round "6.1"]
[White "Savitha Shri B"]
[Black "Acor, Corey"]
[Result "0-1"]
[WhiteElo "2257"]
[BlackElo "2326"]
[Annotator "NA"]
[PlyCount "80"]
[EventDate "2022.03.27"]
[EventType "tourn"]
[EventCountry "SRB"]
[SourceTitle "playchess.com"]
[Source "ChessBase"]
[SourceQuality "1"]
[TimeControl "40/5400+30:900+30"]

1. e4 {[%emt 0:03:50]} e5 {[%emt 0:00:14]} 2. Nf3 {[%emt 0:00:17]} Nc6 {[%emt 0:00:07]} 3. Bb5 {[%emt 0:00:02]} Nge7 {[%emt 0:00:13]} 4. O-O {[%emt 0:00:24]} d6 {[%emt 0:00:18]} 5. c3 {[%emt 0:00:05]} Bd7 {[%emt 0:00:26]} 6. d4 {[%emt 0:00:05]} Ng6 {[%emt 0:00:13]} 7. d5 {[%emt 0:00:04]} Nb8 {[%emt 0:00:08]} 8. c4 {[%emt 0:00:04]} Be7 {[%emt 0:01:29]} 9. Nc3 {[%emt 0:00:05]} h6 {[%emt 0:03:39]} 10. Bxd7+ {[%emt 0:00:33]} Nxd7 {[%emt 0:00:10]} 11. Be3 {[%emt 0:03:15]} Bg5 {[%emt 0:02:02]} 12. Qd2 {[%emt 0:05:23]} Bxe3 {[%emt 0:05:09]} 13. Qxe3 {[%emt 0:00:50]} O-O {[%emt 0:00:51]} 14. Ne2 {[%emt 0:01:27]} f5 {[%emt 0:02:24]} 15. exf5 {[%emt 0:03:33]} Rxf5 {[%emt 0:00:09]} 16. Ne1 {[%emt 0:03:12]} Qh4 {[%emt 0:06:04]} 17. Rc1 {[%emt 0:10:27]} a5 {[%emt 0:05:36]} 18. Nd3 {[%emt 0:09:19]} Raf8 {[%emt 0:17:41]} 19. h3 {[%emt 0:08:10]} e4 {[%emt 0:27:01]} 20. Ng3 {[%emt 0:20:27]} Rf3 {[%emt 0:00:43]} 21. gxf3 {[%emt 0:02:47]} Rxf3 {[%emt 0:00:08]} 22. Qe2 {[%emt 0:00:41]} Nde5 {[%emt 0:11:37]} 23. Nxe5 {[%emt 0:01:59]} Nf4 {[%emt 0:06:47]} 24. Qxe4 {[%emt 0:08:16]} Rxg3+ {[%emt 0:03:00]} 25. fxg3 {[%emt 0:00:10]} Qxg3+ {[%emt 0:00:05]} 26. Kh1 {[%emt 0:00:14]} Qxh3+ {[%emt 0:00:07]} 27. Kg1 {[%emt 0:00:09]} Qg3+ {[%emt 0:00:11]} 28. Kh1 {[%emt 0:00:08]} Qh4+ {[%emt 0:00:15]} 29. Kg1 {[%emt 0:00:50]} Nh3+ {[%emt 0:01:32]} 30. Kh2 {[%emt 0:00:25]} Qxe4 {[%emt 0:00:51]} 31. Rce1 {[%emt 0:03:28]} Qc2+ {[%emt 0:00:12]} 32. Kxh3 {[%emt 0:00:25]} dxe5 {[%emt 0:00:02]} 33. Rxe5 {[%emt 0:03:47]} Qd3+ {[%emt 0:00:19]} 34. Kg2 {[%emt 0:00:05]} Qxc4 {[%emt 0:00:26]} 35. Rf3 {[%emt 0:03:30]} Qxa2 {[%emt 0:00:57]} 36. Re8+ {[%emt 0:03:39]} Kh7 {[%emt 0:00:02]} 37. Re7 {[%emt 0:00:17]} Qxd5 {[%emt 0:04:20]} 38. Rxc7 {[%emt 0:00:22]} Qg5+ {[%emt 0:02:16]} 39. Kh3 {[%emt 0:01:45]} Qh5+ {[%emt 0:00:05]} 40. Kg2 {[%emt 0:00:00]} Qg4+ {[%emt 0:00:00]} 0-1

[Event "RUDAR 1 IM 2022"]
[Site "Pozarevac"]
[Date "2022.03.29"]
[Round "6.2"]
[White "Andreev, Konstantin"]
[Black "Bryakin, Mikhail"]
[Result "0-1"]
[WhiteElo "2238"]
[BlackElo "2481"]
[Annotator "TA"]
[PlyCount "64"]
[EventDate "2022.03.27"]
[EventType "tourn"]
[EventCountry "SRB"]
[SourceTitle "playchess.com"]
[Source "ChessBase"]
[SourceQuality "1"]

{[%evp 12,64,20,20,18,-95,-60,-95,-61,-83,-104,-125,-118,-129,-81,-135,-124,-152,-142,-166,-168,-183,-170,-172,-170,-159,-148,-155,-160,-150,-160,-158,-157,-187,-185,-177,-140,-134,-143,-149,-144,-159,-156,-162,-155,-164,-155,-236,-225,-225,-225,-304,-262,-431,-422]} 1. e4 c6 {[%cal Bc7c6,Bc6c5][%mdl 32]} 2. d4 d5 3. e5 Bf5 4. Nf3 e6 5. Be2 c5 6. Be3 Qb6 7. Nc3 c4 $1 {B12: Caro-Kann: Advance Variation.} (7... Qxb2 8. Nb5 $16) 8. O-O (8. Rb1 $11 {keeps the balance.}) 8... Qxb2 $17 9. Qb1 $1 {[#]} Qxb1 {[#] Black is better.} 10. Rfxb1 $146 ({Predecessor:} 10. Raxb1 b6 11. Nb5 Kd7 12. Rb2 Nc6 13. Ng5 Nh6 14. g4 Bxg4 15. Bxg4 Nxg4 16. Nxf7 {0-1 (40) Maupin,J (2063)-Mokcsay,R (2306) France 2002}) 10... b6 11. a4 Nc6 12. Bd1 {[%cal Oa4a5]} h6 (12... Bb4 $142 13. Nb5 Kd7) 13. Na2 (13. a5 $142 bxa5 14. Rb7) 13... Nge7 {[%cal Bg8e7,Be7f5,Bf5d4][%mdl 32]} 14. Bd2 Rb8 15. h3 Be4 16. Bc3 Nf5 {Hoping for ...Bxf3.} 17. Nd2 Nfxd4 ({Don't play} 17... Ncxd4 18. Nxe4 dxe4 19. g4 $14) 18. Nxe4 dxe4 19. Bxd4 Nxd4 20. Nc3 e3 21. fxe3 Nc6 {&Nero is more active.} 22. Nb5 {[%cal Oa4a5]} Bc5 ({Worse is} 22... Nxe5 23. Nxa7 Ra8 24. Nb5) 23. Kf2 Nxe5 24. Nxa7 Ra8 25. Nb5 Ke7 26. Bf3 Nxf3 27. Kxf3 Rhd8 28. Nc3 {[#]} f5 $1 {Inhibits Ne4. aiming for ...Rd2.} ({And not} 28... Rd2 29. Ne4 Rxc2 30. a5 $17) 29. a5 (29. Ke2 $17) 29... Rxa5 $19 30. Rxa5 bxa5 31. Rb5 Bb4 32. Na4 (32. Ne2) 32... c3 {Weighted Error Value: White=0.30/Black=0.05 (flawless)} 0-1